Curso de legislación penal comparada (Record no. 161126)
[ view plain ]
| 000 -LEADER | |
|---|---|
| campo de control de longitud fija | 00900nam a2200193 i 4500 |
| 001 - NÚMERO DE CONTROL | |
| campo de control | 161126 |
| 003 - IDENTIFICADOR DE NÚMERO DE CONTROL | |
| campo de control | ES-MaACL |
| 005 - FECHA Y HORA DE LA ÚLTIMA TRANSACCIÓN | |
| campo de control | 20250822063217.0 |
| 008 - DATOS DE LONGITUD FIJA--INFORMACIÓN GENERAL | |
| campo de control de longitud fija | 990701s1845 sp |||| | spa d |
| 100 1# - ENTRADA PRINCIPAL--NOMBRE DE PERSONA | |
| Nombre de persona | Ortolan, Joseph Louis Elzéar, |
| Fechas asociadas al nombre | 1802-1873 |
| 9 (RLIN) | 130724 |
| 245 10 - MENCIÓN DEL TÍTULO | |
| Título | Curso de legislación penal comparada |
| Resto del título | : lecciones pronunciadas en la Facultad de Derecho de París / |
| Mención de responsabilidad, etc. | por M. Ortolán. De la pena de muerte en los partidos políticos / por F. Guizot. |
| 260 ## - PUBLICACIÓN, DISTRIBUCIÓN, ETC. | |
| Lugar de publicación, distribución, etc. | Madrid : |
| Nombre del editor, distribuidor, etc. | [s.n.], |
| Fecha de publicación, distribución, etc. | 1845 ( |
| Fabricante | Imp. de la Sociedad Literaria y Tipográfica) |
| 300 ## - DESCRIPCIÓN FÍSICA | |
| Extensión | 221, 91 p. ; |
| Dimensiones | 23 cm. |
| 490 1# - MENCIÓN DE SERIE | |
| Mención de serie | Biblioteca de jurisprudencia y legislación |
| 650 07 - PUNTO DE ACCESO ADICIONAL DE MATERIA--TÉRMINO DE MATERIA | |
| Término de materia o nombre geográfico como elemento de entrada | Derecho penal |
| Fuente del encabezamiento o término | embne |
| 9 (RLIN) | 11749 |
| 830 0# - PUNTO DE ACCESO ADICIONAL DE SERIE-TÍTULO UNIFORME | |
| Título uniforme | Biblioteca de jurisprudencia y legislación |
| 9 (RLIN) | 187709 |
| 852 ## - LOCALIZACIÓN | |
| Ubicación | ES-MaACL |
| Número de control de estantería | C-3230 |
| Nota libre | - Enc. hol. |
| condición física | - Contiene únicamente las 221 p. de las lecciones de Ortolan |
| Estatus retirado | Estado de pérdida | Estado de daño | No para préstamo | Colección | Biblioteca de origen | Biblioteca actual | Ubicación en estantería | Fecha de adquisición | Fuente de adquisición | Total de préstamos | Signatura topográfica completa | Código de barras | Visto por última vez | Precio de reemplazo | Tipo de ítem Koha |
|---|---|---|---|---|---|---|---|---|---|---|---|---|---|---|---|
| Libros del s. XIX | Biblioteca del Ateneo de Madrid | Biblioteca del Ateneo de Madrid | Sala Palomar | 17/01/2008 | C-3230 | 1168765 | 23/02/2023 | 23/02/2023 | Libro impreso antiguo |
